000 00418nam a2200145Ia 4500
008 230917s9999||||xx |||||||||||||| ||und||
040 _e61795
_aMAIN
041 _aEnglish
082 _a362.7 A53M
100 _aAllen, James E
245 0 _aManaging teenage pregnancy: Access to abortion, contraception and sex education
260 _aNew York
_bPraeger R Publishers
_c1980
300 _axxvii, 300 p.
942 _cBK
999 _c218956
_d218956